MDQL
is popping MORE tags! Check the
thread
!
Quizzes
Events
Quiz Creation
Community
Videos
Private Events
Remove Ads
Sign In
Join for FREE
Feedback
Dark Mode
Quiz Categories
Sports
Geography
Music
Movies
Television
Just For Fun
Miscellaneous
History
Literature
Language
Science
Gaming
Entertainment
Religion
Holiday
For Kids
Quiz Lab
Recent
Popular Today
Quiz Kudos Today
Editor Picks
Curator Picks
Quizzes by...
Day
Popularity
Type
Ratings
Length
Year
Community
Subscriptions
Recent Discussions
Orange Saloon
Badges
Playlists
Quests
Create
Leaderboards
Showdown
Live 5
Trivia Bingo
Activity
Puzzle Library
Sporcle Events
Private Events
Virtual Trivia
Globe League
Become a Host
Pub Owners
SporcleCon
Opinionation
Our Games
Videos
Blog
Mobile Apps
Partnerships
Remove Ads and Go Orange
Feedback
Sports
Athletes
MLB
NBA
NHL
NFL
Soccer
Sports Teams
WWE
NCAA
Football
Premier League
Basketball
Baseball
Hockey
Golf
Tennis
Cricket
Rugby
Auto Racing
Olympics
World Cup
Sports
Athletes
MLB
NBA
NHL
NFL
Soccer
Sports Teams
WWE
NCAA
Football
Premier League
Basketball
Baseball
Hockey
Golf
Tennis
Cricket
Rugby
Auto Racing
Olympics
World Cup
Random Quiz
Search Sporcle
×
Quiz Lab
Quiz Lab
Sports
World Cup
Type in answers that appear in a list
Type in answers that appear in a list
Classic
Best Score? Go Orange.
World Cup USA 94 Players Stats
Can you name the World Cup USA 94 Players?
By
Macho_Man
10m
60 Questions
846 Plays
846 Plays
846 Plays
Comments
Comments
Give Quiz Kudos
Give Quiz Kudos
-
- Ratings
hide this ad
More Info
Replay
Link that replays current quiz
Next Quiz
Link to next quiz in quiz playlist
You Got
0%
They Got
Avg Score
56%
Avg Friend Score
Upgrade to see
Score Distribution
Jump to the score distribution portion of the page
Score
0/60
Timer
10:00
0
Plays Today
Country
Name the Player from the above Picture
% Correct
Argentina
Diego Maradona
92.4%
Italy
Roberto Baggio
89.2%
Netherlands
Dennis Bergkamp
87.1%
Sweden
Henrik Larsson
86.4%
Netherlands
Frank Rijkaard
85.5%
Argentina
Gabriel Batistuta
83.9%
Cameroon
Roger Milla
83.1%
USA
Alexi Lalas
82.9%
Republic of Ireland
Roy Keane
81.7%
Norway
Henning Berg
81%
Italy
Paolo Maldini
80.7%
Bulgaria
Hristo Stoichkov
80.6%
Brazil
Dunga
78.5%
Germany
Lothar Matthäus
77.9%
Brazil
Bebeto
76.7%
Spain
Fernando Hierro
76.5%
Sweden
Tomas Brolin
72.3%
Romania
Gheorghe Hagi
70.9%
Italy
Gianluca Pagliuca
68.6%
Brazil
Cafu
68%
Spain
Josep Guardiola
67.4%
Switzerland
Stéphane Chapuisat
67.4%
Colombia
Faustino Asprilla
66.8%
Netherlands
Ed de Goey
66.3%
Colombia
Andrés Escobar
65.2%
Sweden
Martin Dahlin
65.1%
USA
Cobi Jones
64.1%
Italy
Demetrio Albertini
60.5%
Belgium
Enzo Scifo
57.9%
Mexico
Jorge Campos
57.3%
Country
Name the Player from the above Picture
% Correct
Spain
Luis Enrique Martínez García
57.2%
Bulgaria
Yordan Letchkov
55.6%
USA
Tony Meola
51.4%
Brazil
Raí
50.4%
Argentina
Fernando Redondo
48.7%
Netherlands
Wim Jonk
48.5%
Republic of Ireland
Steve Staunton
47.5%
Spain
Albert Ferrer
46%
Morocco
Mustapha Hadji
45.7%
Republic of Ireland
John Aldridge
45.7%
Norway
Ronny Johnsen
43.7%
Mexico
Hugo Sánchez
42%
Germany
Karl-Heinz Riedle
40.9%
Belgium
Luc Nilis
40.7%
Belgium
Luís Oliveira
39.5%
Bulgaria
Emil Kostadinov
39.1%
Nigeria
Jay-Jay Okocha
39.1%
Russia
Andrei Kanchelskis
37.1%
Romania
Ilie Dumitrescu
35.7%
Switzerland
Ciriaco Sforza
33.1%
Romania
Florin Răducioiu
32.9%
Germany
Christian Ziege
30%
Argentina
Abel Balbo
29.8%
Mexico
Luis García Postigo
28.5%
Sweden
Jonas Thern
27.2%
Argentina
Sergio Goycochea
24.8%
USA
Roy Wegerle
23.2%
Norway
Lars Bohinen
16.4%
Russia
Igor Shalimov
13.6%
Russia
Igor Kolyvanov
11.8%
Quiz Playlist
Details
Report
Send in Message
Add To Playlist
More Info:
Photos from Panini stickers
Classic:
Type in answers that appear in a list
Quiz Source
Last Updated: Apr 25, 2018
Quiz Scoreboard
CHALLENGE
Sign Up to Join the Scoreboard
Show All
Scores
Hide
Comments
May contain spoilers
Recently Published
Holiday 10x10 Sorting Gallery
by lukepisani3
Holiday
15m
Two Season TV Shows II
by 123Four
Television
10m
Image Sorting: Flags VI
by Barbecue
Geography
2m
More to Explore
Quiz From the Vault
Featured Blog Post
14 Easter Pick-up Lines to Find Eggs With
hide this ad
You Might Also Like...
Tags
Soccer Quiz
World Cup Quiz
1994
FIFA
Football Players
Sports History
Today's Top Quizzes in Sports
Browse Sports
hide this ad
Today's Top Quizzes in World Cup
Browse World Cup
Top Contributed Quizzes in Sports
1
Les meilleurs buteurs des matchs entre le PSG et l’OM
2
Les entraîneurs de l'OM et du PSG au 21e siècle
3
2022 World Cup Stars
4
Players with Multiple 50 Home Run Seasons
5
Les joueurs passés par le PSG et l'OM
6
FIFA Club World Cup Champions
7
Top 10 NHL Goal Scorers of All Time
8
Criteria MLB: Left Handed Sluggers
9
Les joueurs passés par le LOSC et le RC Lens
10
2023 MLB Unique Player Accomplishments
Explore More
Trending Topics
Disney
NBA
Harry Potter
Kpop
Marvel
Anime
Crossword
Soccer
Puzzle
The Office
Country
Pokémon
NFL
WWE
Song
hide this ad
Score Distribution
Quiz Creator Spotlight
Macho_Man
Follow
Send a Message
Quizzes Created
-
Created Quiz Play Count
-
Popular Quizzes Today
1
Find the US States - No Outlines Minefield
2
Colored Red Africa Blitz
3
Find the 'City' Movie
4
The Countries of the World
5
Find the US States
6
5x2 Blitz: Bands
7
Find the Countries of Europe - No Outlines Minefield
8
US States
More Sports Quizzes
Where Did They Go: Borussia Dortmund
Quiz Lab
Trending Quizzes
Colored Red Europe Blitz I
Colored Red Europe Blitz II
Colored Red Africa Blitz II
Colored Red Europe Blitz III
Colored Red Africa Blitz III
Recently Updated
Odd Team Out - Big 4 Players
pecheneg
Quick Pick: 20 Twenties
pecheneg
March Madness Men's Triple Doubles
pecheneg
How Do You Spell That?
pecheneg
Godzilla Movies
pecheneg
Grab Bag: 4-10 Letters
pecheneg
2024 March Madness Bracket
pecheneg
Famous TV Couples
Peacemaker
Champions League XIs: Real Madrid
pecheneg
Largest US Cities 1790-2010
pecheneg
Trending Topics
Harry Potter
Crossword
Anime
Marvel
Kpop
NBA
Disney
The Office
Puzzle
WWE
Song
Soccer
NFL
Country
Pokémon
Your Account Isn't Verified!
In order to create a playlist on Sporcle, you need to verify the email address you used during registration. Go to your
Sporcle Settings
to finish the process.
Report this User
Report this user for behavior that violates our
Community Guidelines
.
Details:
Send Report
Go to the Sporcle.com Mobile Site →
Comments